Activities of Kaduna State Library Board / (Record no. 22172)

MARC details
000 -LEADER
fixed length control field 00744nam a2200205Ia 4500
008 - FIXED-LENGTH DATA ELEMENTS--GENERAL INFORMATION
fixed length control field 210303s9999 xx 000 0 und d
016 ## - NATIONAL BIBLIOGRAPHIC AGENCY CONTROL NUMBER
Source reto2022b
040 ## - CATALOGING SOURCE
Original cataloging agency NLN
Language of cataloging English
Description conventions AACR2
110 ## - MAIN ENTRY--CORPORATE NAME
Corporate name or jurisdiction name as entry element KADUNA State Ministry of Internal Affairs and Information. Information Division
245 #0 - TITLE STATEMENT
Title Activities of Kaduna State Library Board /
Statement of responsibility, etc Kaduna State Ministry of Internal Affairs and Information. Information Division
260 ## - PUBLICATION, DISTRIBUTION, ETC. (IMPRINT)
Place of publication Kaduna State :
Name of publisher Ministry of Internal Affairs and Information,
Date of publication 1984?
300 ## - COLLATION
Pagination 13p. :
Other physical details ports. ; 25cm
563 ## - BINDING INFORMATION
Binding note (pbk)
650 ## - TRACINGS
Main Subject Libraries
Subdivision (1st) Kaduna State
942 ## - ADDED ENTRY ELEMENTS (KOHA)
Item type Books
050 ## - LIBRARY OF CONGRESS CALL NUMBER
Classification number Z732
Item number .K11
082 ## - DEWEY DECIMAL CLASSIFICATION NUMBER
Item number 021.0096695
086 ## - HOMEMADE CLASSIFICATION NUMBER
Classification number DT515 NCK8
Item number I43.O33
Holdings
Source of classification or shelving scheme Not for loan Home library Current library Date acquired Full call number Barcode. Koha item type
Library of Congress Classification   LAGOS BRANCH National Library of Nigeria 04/03/2021 Z732 .K11 2025-460761 Books

National Library of Nigeria OPAC is powered by Koha